Zgadni Państwa po otwarciu McDonald - Statystyki

Ogólne statystyki
  • Ten quiz został rozwiązany 30 razy
    26 od ostatniego zresetowania
  • Średni wynik to 67 z 106
Statystyki odpowiedzi
Rok Otwarcia Państwa % Poprawnych
15 kwietnia 1955 Stany Zjednoczone
95%
30 Grudnia 1971 Australia
89%
1996 Chorwacja
89%
Maj 1977 Irlandia
89%
Maj 1971 Japonia
89%
4 Grudnia 1971 Niemcy
89%
17 czerwca 1992 Polska
89%
1971 Austria
84%
1996-2922 wycofał się w 2022 Białoruś
84%
8 Pażdziernika 1990 Chiny
84%
1979 Dania
84%
1995 Estonia
84%
17 września 1979 Francja
84%
9 marca 1981 Hiszpania
84%
1 Czerwca 1967 Kanada
84%
1996 Litwa
84%
1994 Łotwa
84%
31 Stycznia 1990-2022 wyfował się w 2022 Rosja
84%
1988 Serbia
84%
1993 Słowenia
84%
1973 Szwecja
84%
24 listopada 1986 Argentyna
79%
19 Listopada 1990 Chile
79%
20 Marca 1992 Czechy
79%
1984 Finlandia
79%
1991 Grecja
79%
1988 Korea Południowa
79%
1995 Malta
79%
1983 Norwegia
79%
6 Lipca 1999 San Marino
79%
1995 Słowacja
79%
1993 Turcja
79%
1997 tyczasowo zawiesiła na parew misięcy działalność ale wzowiła w tym samym roku w 2022 Ukraina
79%
1988 Węgry
79%
13 Listopada 1974 Wielka Brytania
79%
20 Marca 1986 Włochy
79%
29 czerwca 1984 Andora
74%
8 grudnia 1993 Arabia Saudyjska
74%
17 Luty 1979 Brazylia
74%
21 Sierpnia 1971 Holandia
74%
Pażdziernik 1996 Indie
74%
14 lipca 1995 Kolumbia
74%
1991 Luksemburg
74%
29 Października 1985 Meksyk
74%
7 Czerwca 1976 Nowa Zelandia
74%
23 maja 1991 Portugalia
74%
Listopad 1995 Republika Południowej Afryki
74%
1995 Rumunia
74%
1976 Szwajcaria
74%
1999 Azerbejdżan
68%
21 Marca 1978 Belgia
68%
1994 Bułgaria
68%
1997 Cypr
68%
1995 Dominikana
68%
23 Luty 1991 Indonezja
68%
1986 Kuba
68%
2017 Mołdawia
68%
1 września 1971 Panama
68%
17 Września 1979 Peru
68%
1992 Urugwaj
68%
1981 Wenezuela
68%
1994 Zjednoczone Emiraty Arabskie
68%
9 Października 1997 Ekwador
63%
15 Kwietnia 1995 Jamajka
63%
1994 Oman
63%
2017 otworzył się w kamienicy w rzymie należoncej do Watykanu Watykan
63%
1994 Egipt
58%
5 Lutego 1999 Gruzja
58%
8 Marca 2016-2023 wycofał się Kazachstan
58%
1970 Kostaryka
58%
11 lipca 1998 Nikaragua
58%
1978 Salwador
58%
1979 Singapur
58%
16 Pażdziernik 1998-2024 wycofał się Sri Lanka
58%
18 Grudnia 1997 Surinam
58%
1 Stycznia 1984 Tajwan
58%
8 Luty 2014 Wietnam
58%
14 grudnia 1995 Honduras
53%
1993 Izrael
53%
1995 Katar
53%
15 czerwca 1994 Kuwejt
53%
Wrześień 19998 Pakistan
53%
1985 Tajlandia
53%
4 października 2011 Trynidad i Tobago
53%
1994 Bahamy
47%
1993 Bahrajn
47%
1981 Filipiny
47%
1974 Gwatemala
47%
17 września 1998 Liban
47%
1992 Maroko
47%
1996 Paragwaj
47%
1996 Jordania
42%
29 Kwietnia 1982 Malezja
42%
Marcu 1996 Samoa
32%
1996 Fidżi
26%
1992 Brunei
21%
26 Lipca 1994 Nowa Kaledonia
11%
22 lutego 2000 Gujanie Francuskiej
5%
17 Czerwca 1992 Gwadelupa
5%
26 Stycznia 1975 HongKong
5%
1993 Makau
5%
Listopad 1992 Martynika
5%
10 Grudnia 1996 Polinezji Francuskiej
5%
10 Listopada1967 Portoryko
5%
29 września 2000 Samoa Amerykańskie
5%
1992 Wyspy Dziewicze
5%
Nie znaleziono quizów pasujących do podanych kryteriów
Rozkład punktacji
Procent ludzi z każdym wynikiem
Percentyl według liczby udzielonych odpowiedzi
Twoja historia wyników
Nie rozwiązałeś tego quizu od ostatniego zresetowania